[Event "TUR-ch"]
[Site "Sinop"]
[Date "2010.04.05"]
[Round "12"]
[White "Isik, Engin Yasar"]
[Black "Narman, Gokhan"]
[Result "1/2-1/2"]
[WhiteElo "2201"]
[BlackElo "2163"]
[PlyCount "86"]
[EventDate "2010.03.25"]
[EventType "tourn"]
[EventRounds "13"]
[EventCountry "TUR"]
[SourceTitle "CBM 135 Extra"]
[Source "ChessBase"]
[SourceDate "2010.05.04"]
[SourceVersion "1"]
[SourceVersionDate "2010.05.04"]
[SourceQuality "1"]

1. e4 d6 2. d4 Nf6 3. Nc3 g6 4. Be3 c6 5. h3 b5 6. Bd3 Nbd7 7. f4 b4 8. Nce2 Bb7 9. e5 Nd5 10. Bd2 c5 11. Nf3 e6 12. 0-0 Qc7 13. c4 bxc3 14. bxc3 c4 15. Bc2 N5b6 16. Rb1 Be7 17. Ng3 Bxf3 18. Qxf3 d5 19. Ne2 h5 20. g3 Nb8 21. Kg2 Nc6 22. g4 hxg4 23. hxg4 0-0-0 24. Rh1 a5 25. Rh3 Rdg8 26. Rbh1 Qd8 27. Rh7 Rxh7 28. Rxh7 Rh8 29. Qh3 Rxh7 30. Qxh7 Qf8 31. f5 gxf5 32. gxf5 Nd8 33. Nf4 Qe8 34. fxe6 fxe6 35. Ng6 Ba3 36. Qa7 Qb5 37. Ne7+ Bxe7 38. Qxe7 Qb2 39. Qh7 Na4 40. Bg5 Nxc3 41. Bxd8 Kxd8 42. Qg8+ Kc7 43. Qf7+ Kb8 1/2-1/2

[Event "TUR-ch"]
[Site "Sinop"]
[Date "2010.04.04"]
[Round "11"]
[White "Narman, Gokhan"]
[Black "Topak, Engin"]
[Result "0-1"]
[WhiteElo "2163"]
[BlackElo "2142"]
[PlyCount "92"]
[EventDate "2010.03.25"]
[EventType "tourn"]
[EventRounds "13"]
[EventCountry "TUR"]
[SourceTitle "CBM 135 Extra"]
[Source "ChessBase"]
[SourceDate "2010.05.04"]
[SourceVersion "1"]
[SourceVersionDate "2010.05.04"]
[SourceQuality "1"]

1. c4 e5 2. Nc3 Nc6 3. g3 g6 4. Bg2 Bg7 5. e4 Nge7 6. d3 d6 7. Nge2 0-0 8. 0-0 Be6 9. Nd5 Rb8 10. Be3 f5 11. Qd2 Qd7 12. Rad1 Nd4 13. Nxd4 exd4 14. Bh6 fxe4 15. Bxg7 Kxg7 16. dxe4 c5 17. f4 Nc6 18. Rf2 a6 19. Rdf1 b5 20. f5 Bxd5 21. cxd5 Ne5 22. Bh3 gxf5 23. Qg5+ Kh8 24. Qh6 Qe7 25. Bxf5 Rf6 26. Qh4 Qg7 27. Bxh7 Rh6 28. Qf4 Rxh7 29. b3 d3 30. Qd2 Rh6 31. Rf5 Rg8 32. R1f4 Kh7 33. Qf2 Kh8 34. Qd2 c4 35. Rf6 Rh7 36. bxc4 bxc4 37. Rxd6 c3 38. Qf2 d2 39. Qe2 Rc8 40. Kg2 Nf7 41. Rc6 Rxc6 42. dxc6 Qh6 43. h4 Qxc6 44. Qd3 Rg7 45. Rf1 Qc7 46. Kh2 Qxg3+ 0-1

[Event "TUR-ch"]
[Site "Sinop"]
[Date "2010.04.02"]
[Round "9"]
[White "Narman, Gokhan"]
[Black "Dogan, Ali Ekber"]
[Result "1-0"]
[WhiteElo "2163"]
[BlackElo "2122"]
[PlyCount "81"]
[EventDate "2010.03.25"]
[EventType "tourn"]
[EventRounds "13"]
[EventCountry "TUR"]
[SourceTitle "CBM 135 Extra"]
[Source "ChessBase"]
[SourceDate "2010.05.04"]
[SourceVersion "1"]
[SourceVersionDate "2010.05.04"]
[SourceQuality "1"]

1. c4 Nf6 2. Nc3 g6 3. g3 Bg7 4. Bg2 0-0 5. Nf3 d6 6. 0-0 Nbd7 7. d3 a5 8. Rb1 Nc5 9. a3 Bd7 10. d4 Nce4 11. Nd2 Nxd2 12. Bxd2 Bc6 13. d5 Bd7 14. b4 axb4 15. axb4 Qc8 16. Qc2 Bh3 17. e4 Bxg2 18. Kxg2 c6 19. dxc6 Qxc6 20. Nd5 Nxd5 21. exd5 Qc7 22. Bf4 Rfc8 23. c5 Qd7 24. Rfd1 Ra3 25. Qe4 Ra4 26. cxd6 exd6 27. Rdc1 Raa8 28. Rxc8+ Rxc8 29. b5 h6 30. Qb4 Rc5 31. b6 Qf5 32. Re1 g5 33. Re8+ Bf8 34. Rxf8+ Kxf8 35. Bxd6+ Kg8 36. Qxc5 g4 37. Bf4 Qe4+ 38. Kf1 Qb1+ 39. Ke2 Qe4+ 40. Be3 h5 41. d6 1-0

[Event "TUR-ch"]
[Site "Sinop"]
[Date "2010.04.01"]
[Round "8"]
[White "Yagiz, Yasin Emrah"]
[Black "Narman, Gokhan"]
[Result "1-0"]
[WhiteElo "2238"]
[BlackElo "2163"]
[PlyCount "213"]
[EventDate "2010.03.25"]
[EventType "tourn"]
[EventRounds "13"]
[EventCountry "TUR"]
[SourceTitle "CBM 135 Extra"]
[Source "ChessBase"]
[SourceDate "2010.05.04"]
[SourceVersion "1"]
[SourceVersionDate "2010.05.04"]
[SourceQuality "1"]

1. Nf3 e6 2. c4 f5 3. g3 Nf6 4. Bg2 d5 5. 0-0 Bd6 6. Nc3 c6 7. d3 Bc7 8. Qc2 Na6 9. a3 0-0 10. b4 d4 11. Na4 e5 12. e3 dxe3 13. fxe3 Qe7 14. Bb2 Ng4 15. Rae1 Bd7 16. b5 Nc5 17. Nxc5 Qxc5 18. d4 Qe7 19. bxc6 bxc6 20. dxe5 Nxe5 21. Bxe5 Bxe5 22. c5 Rab8 23. Nd4 Qf6 24. Qc4+ Kh8 25. Re2 g6 26. Rd1 h5 27. Qa4 Bxd4 28. Qxd4 Be8 29. Qf4 Rd8 30. Rxd8 Qxd8 31. Qd4+ Qxd4 32. exd4 Kg7 33. Re7+ Kf6 34. Rxa7 f4 35. gxf4 Ke6 36. Rc7 Rxf4 37. Bxc6 Bf7 38. d5+ Ke5 39. d6 Be6 40. Re7 Kf6 41. Re8 Rc4 42. d7 Bxd7 43. Bxd7 Rxc5 44. a4 g5 45. Re6+ Kf7 46. Rc6 Re5 47. Rb6 Rc5 48. Rc6 Re5 49. Rc1 g4 50. Ra1 Rd5 51. Bb5 Kf6 52. Rb1 Rd2 53. Ra1 Rd5 54. Kf2 Kg5 55. Ke3 h4 56. Rb1 Rc5 57. a5 Rc2 58. Ra1 g3 59. hxg3 hxg3 60. a6 g2 61. a7 Ra2 62. Rg1 Rxa7 63. Rxg2+ Kf6 64. Kf4 Ke6 65. Ke4 Ra5 66. Rg6+ Kf7 67. Rb6 Ra3 68. Bc4+ Kg7 69. Bd5 Ra1 70. Ke5 Ra5 71. Rb8 Kh7 72. Rd8 Kg7 73. Rg8+ Kh7 74. Rg1 Kh8 75. Rd1 Kg7 76. Rg1+ Kh8 77. Ke6 Ra6+ 78. Kf7 Ra7+ 79. Kf6 Rg7 80. Rb1 Rg6+ 81. Kf7 Rg7+ 82. Kf8 Rg8+ 83. Ke7 Rg7+ 84. Bf7 Rg3 85. Rb8+ Kh7 86. Be6 Kh6 87. Kf6 Rg6+ 88. Kf5 Rg5+ 89. Kf4 Ra5 90. Bf5 Ra4+ 91. Be4 Kg7 92. Rb6 Ra5 93. Bf5 Ra1 94. Kg5 Rg1+ 95. Bg4 Kf7 96. Rb7+ Ke8 97. Rb4 Ke7 98. Rd4 Rg2 99. Rd1 Rg3 100. Rd7+ Ke8 101. Rg7 Rg1 102. Kf6 Kf8 103. Rh7 Kg8 104. Rh4 Rf1+ 105. Bf5 Rf2 106. Rd4 Re2 107. Rd8+ 1-0